000 00588nam a2200205Ia 4500
005 20260429112017.0
008 260429s9999||||xx |||||||||||||| ||und||
020 _a9781032457086
041 _aEnglish
082 _a371.14
_bLUT
100 _aLuton, Fe
245 0 _aHow to have a successful freelance education career :
_bstepping outside the classroom /
_cFe Luton
250 _a1st ed.
260 _aNew Delhi :
_bRoutledge,
_c2024.
300 _aviii, 116 p.; pbk
650 _a Education profession
650 _a Freelancing
650 _aCareer development
942 _cTB
999 _c51873
_d51873